00974cam a22003015a 450000100090000000300050000900500170001400800410003101000170007201500150008902000180010403500230012203800110014504000180015604200140017408200160018810000290020424501050023325000360033826000450037430000210041950000570044050400510049765000250054865000440057365000290061770000260064613631011NUST20180625054717.0040621s2002 enk 001 0 eng  a 2004445467 aGBA2-V4152 a9788130913100 a(OCoLC)ocm50494310 aArshad aUKMcUKMdDLC alccopycat04a808.02bMCC1 aMcCallum, Chriss,d1935-14aWriting 'how-to' articles and books:bhow to share your know-how and get published/cChriss Mccallum bChriss McCallum & Gordon Wells. aPeterborough :bWriters' Bookshop,c2002 a222 p. ;c20 cm. aPrevious ed. / Gordon Wells & Chriss McCallum. 2001. aIncludes bibliographical references and index. 0aEnglish periodicals. 0aPublishers and publishingvPeriodicals. 0aAuthorshipvPeriodicals.1 aWells, Gordon,d1935-